000 00879nam a2200265 i 4500
001 180206
003 ES-MaACL
005 20250408063059.0
008 120517s2011 sp |||| |dspa d
020 _a978-84-937136-8-3
080 _a821.134.2.09"18/19"
100 0 _aTrapiello, Andrés,
_d1953-
_9111233
245 1 4 _aLos vagamundos /
_cAndrés Trapiello.
250 _a1ª ed.
260 _aBarcelona :
_bBarril & Barral,
_c2011.
300 _a477 p. ;
_c21 cm.
490 1 _aCapitán Argüello
650 7 _aLiteratura española-
_yS.XIX-
_xHistoria y crítica.
_914568
650 7 _aLiteratura española-
_yS.XX-
_xHistoria y crítica.
_9141686
830 0 _aCapitán Argüello
_9224608
852 _aES-MaACL
_jA-12106
_9187116
_bR.148364
_cDEPO1
_dOlim: N-5111
942 _2udc
_cMONOGRAFIA
999 _c180206
_d180206